书目信息 |
| 题名: |
信息组织
|
|
| 作者: | 马张华 编著 | |
| 分册: | ||
| 出版信息: | 北京 清华大学出版社 2003.07 |
|
| 页数: | 337页 | |
| 开本: | 23cm | |
| 丛书名: | ||
| 单 册: | ||
| 中图分类: | G203 | |
| 科图分类: | ||
| 主题词: | 信息论 , 传播学 | |
| 电子资源: | ||
| ISBN: | 7-302-06652-3 | |
| 000 | 00542nam0 2200205 45 | |
| 001 | 0431240919 | |
| 005 | 2004042608404068 | |
| 010 | @a7-302-06652-3@dCNY 35.00 | |
| 100 | @a20040426d2003 km y0chiy0120 ea | |
| 101 | 0 | @achi |
| 102 | @aCN@b110000 | |
| 200 | 1 | @a信息组织@AXin Xi Zu Zhi@f马张华编著@FMa Zhang Hua Bian Zhu |
| 210 | @a北京@c清华大学出版社@d2003.07 | |
| 215 | @a337页@d23cm | |
| 606 | 0 | @a信息论 |
| 606 | 0 | @a传播学 |
| 690 | @aG203@v3 | |
| 701 | 0 | @a马张华@AMa Zhang Hua@4编著 |
| 801 | 0 | @aCN@bPFT@c20040426 |
| 905 | @dG203@eM243 | |
| 信息组织/马张华编著.-北京:清华大学出版社,2003.07 |
| 337页;23cm |
| ISBN 7-302-06652-3:CNY 35.00 |
| ● |
| 相关链接 |
|
|
|
正题名:信息组织
索取号:G203/M243
 
预约/预借
| 序号 | 登录号 | 条形码 | 馆藏地/架位号 | 状态 | 备注 |
| 1 | 380338 | 203803385 | 社科库409/409社科库 57排1列5层/ [索取号:G203/M243] | 在馆 | |
| 2 | 380339 | 203803394 | 社科库409/409社科库 57排1列5层/ [索取号:G203/M243] | 在馆 |